Statistics for Countries with the American Crocodile

Click here to take the quiz!

General Stats

  • This quiz has been taken 119 times
  • The average score is 17 of 20

Answer Stats

Population statusCountries% Correct
Established populationsMexico
98%
Established populationsUnited States
97%
Established populationsCuba
92%
Established populationsColombia
91%
Established populationsHaiti
90%
Established populationsHonduras
90%
Established populationsCosta Rica
89%
Established populationsEl Salvador
89%
Established populationsGuatemala
89%
Established populationsPanama
89%
Established populationsJamaica
88%
Established populationsVenezuela
88%
Established populationsDominican Republic
87%
Established populationsBelize
85%
Established populationsNicaragua
84%
Current presence unconfirmedTrinidad and Tobago
78%
Established populationsPeru
76%
Established populationsEcuador
75%
Current presence unconfirmedMartinique (French Overseas Region)
62%
Current presence unconfirmedCayman Islands (British Overseas Territory)
52%

Score Distribution

Percentile by Number Answered

Percent of People with Each Score

Your Score History

You have not taken this quiz